Cargando...

Anushtanum puravrutham porul /

Detalles Bibliográficos
Autor Principal: Vidyasagar, K.
Formato: Printed Book
Idioma:Malayalam
Publicado: Payyannur : FFM, 1998.
Subjects:
LEADER 01426 a2200229 4500
008 190530b ||||| |||| 00| 0 mal d
999 |c 283585  |d 283585 
020 |c INR45 
082 |a 398.355 
100 |a Vidyasagar, K. 
245 |a Anushtanum puravrutham porul /  |c by K. Vidyasagar 
260 |a Payyannur :  |b FFM,  |c 1998. 
300 |a 96p. :  |c 22 cm. 
546 |a Malayalam 
653 |a Folklore  |a Performing Art 
942 |c BK 
952 |0 0  |1 0  |2 ddc  |4 0  |6 M_398_355000000000000_VID_A1  |7 0  |9 321606  |a FLK  |b FLK  |c ST1  |d 2013-11-06  |e BK  |g 45.00  |i 318  |l 3  |o M 398.355 VID/A,1  |p FLK318  |r 2021-12-02  |s 2021-09-15  |y BK 
952 |0 0  |1 0  |2 ddc  |4 0  |6 M_398_355000000000000_VID_A3  |7 0  |9 321607  |a FLK  |b FLK  |c ST1  |d 2013-11-06  |e BK  |g 45.00  |i 320  |l 1  |o M 398.355 VID/A,3  |p FLK320  |r 2021-04-15  |s 2021-02-17  |y BK 
952 |0 0  |1 0  |2 ddc  |4 0  |6 M_398_355000000000000_VID_A4  |7 0  |9 321608  |a FLK  |b FLK  |c ST1  |d 2013-11-06  |e BK  |g 45.00  |i 321  |l 1  |m 1  |o M 398.355 VID/A,4  |p FLK321  |r 2021-08-05  |s 2021-03-10  |y BK 
952 |0 0  |1 0  |2 ddc  |4 0  |6 M_398_355000000000000_VID_A2  |7 0  |9 321609  |a FLK  |b FLK  |c ST1  |d 2013-11-06  |e BK  |g 45.00  |i 319  |l 0  |o M 398.355 VID/A,2  |p FLK319  |r 2016-01-29  |y BK 
952 |0 0  |1 0  |2 ddc  |4 0  |6 M_398_355000000000000_VID_A  |7 0  |9 321610  |a FLK  |b FLK  |c ST1  |d 2013-11-06  |e BK  |g 45.00  |i 317  |l 2  |o M 398.355 VID/A  |p FLK317  |r 2021-04-16  |s 2021-04-15  |y BK 
952 |0 0  |1 0  |2 ddc  |4 0  |6 M_398_355000000000000_VID_A5  |7 0  |9 321611  |a FLK  |b FLK  |c ST1  |d 2013-11-06  |e BK  |g 45.00  |i 2109  |l 1  |o M 398.355 VID/A,5  |p FLK2109  |r 2021-09-28  |s 2021-02-03  |y BK